[Event "Corus-B"]
[Site "Wijk aan Zee"]
[Date "2009.01.19"]
[Round "3"]
[White "Short, Nigel D"]
[Black "L'Ami, Erwin"]
[Result "1-0"]
[WhiteElo "2663"]
[BlackElo "2603"]
[Annotator "CB"]
[PlyCount "37"]
[EventDate "2009.01.17"]
[EventType "tourn"]
[EventRounds "13"]
[EventCountry "NED"]
[EventCategory "16"]
[SourceTitle "CBM 129"]
[Source "ChessBase"]
[SourceDate "2009.03.25"]
[SourceVersion "1"]
[SourceVersionDate "2009.03.25"]
[SourceQuality "1"]

1. e4 e5 2. Nf3 Nf6 {Erwin usually defends the Spanish, often using the Berlin
Wall, but in last year's Wijk aan Zee B Group, Short demolished him with the
Evans' Gambit. L'Ami therefore heads for a Petroff, but is soon surprised by
another 19th century weapon.} 3. Nc3 Nc6 4. Bb5 {Short was the first
contemporary GM to revive the Four Knights, during the early 1990s.} Nd4 {
Rubinstein's Defence, which was largely responsible for killing off the Four
Knights in the early 20th century. However, it soon becomes apparent that
L'Ami is not too familiar with its finer points.} 5. Nxe5 $5 {The least
popular choice for White in this position. The 1990s revival of the Four
Knights concentrated on the moves 5.Ba4, 5.Bc4 and 5.0-0.} Nxb5 $6 ({Already a
perceptible inaccuracy. Theory recommends} 5... Qe7 6. f4 Nxb5 7. Nxb5 d6 8.
Nf3 Qxe4+ {with equality. Speaking to reporters after the game, Short made a
very interesting point about the cause of Black's defeat in this game. As he
explained, many players nowadays, especially young players, are so used to
rattling out huge amounts of pre-game opening preparation, that they are
simply not used to thinking at a very early stage of the game. Here, after
barely five minutes' play, L'Ami was already out of his book knowledge, and
needed to start thinking deeply about the position. Instead, he played a
couple of plausible-looking moves rather quickly, but they proved to be errors.
In addition, the position is rather more critical than it appears, and by the
time L'Ami started really thinking about the position, it was too late - he
was already practically lost.}) 6. Nxb5 c6 ({Black already has problems
regaining his pawn, since} 6... Nxe4 $2 7. Qe2 {is obviously terrible.}) 7. Nc3
Qe7 8. Nf3 Nxe4 9. O-O Nxc3 10. dxc3 d5 11. Bg5 {The position is already a
disaster for Black. As Bobby Fischer pointed out, annotating his game against
Celle in My Sixty Memorable Games, " A mistake in these open games is always
much more serious". Short goes on to dispose of his opponent in thoroughly
convincing style, but his task was not especially difficult.} Qd6 12. Re1+ Be6
13. Nd4 c5 ({Played after long thought, but the position is already gone. The
main point is that the natural} 13... Be7 {walks into the cruncher} 14. Nf5 $1
{eg.} Bxf5 15. Rxe7+ Kf8 16. Rxb7 {with an extra pawn and an overwhelming
position.}) 14. Nxe6 fxe6 15. Qh5+ g6 16. Qg4 Kf7 (16... e5 17. Rad1 Bg7 18.
Qf3 {is equally hopeless.}) 17. c4 d4 18. Qf3+ Kg8 19. Bf6 {L'Ami had had
enough punishment for one day.} 1-0

[Event "Thessaloniki FIDE GP"]
[Site "Thessaloniki"]
[Date "2013.05.23"]
[Round "2"]
[White "Morozevich, Alexander"]
[Black "Svidler, Peter"]
[Result "1-0"]
[WhiteElo "2760"]
[BlackElo "2769"]
[Annotator "CB"]
[PlyCount "43"]
[EventDate "2013.05.22"]
[EventType "tourn"]
[EventRounds "11"]
[EventCountry "GRE"]
[EventCategory "21"]
[SourceTitle "CBM 155"]
[Source "ChessBase"]
[SourceDate "2013.07.16"]
[SourceVersion "1"]
[SourceVersionDate "2013.07.16"]
[SourceQuality "1"]

1. e4 e5 2. Nf3 Nc6 3. Nc3 {Das Vierspringerspiel führt oft zu ruhigem
positionellen Spiel - aber nicht immer.} Nf6 4. Bb5 ({Zum Schottischen
Vierspringerspiel führt} 4. d4 exd4 5. Nxd4 Bb4 6. Nxc6 bxc6 7. Bd3 O-O 8. O-O
d5 9. exd5 cxd5 {Ein aktuelles Beispiel:} 10. h3 c6 11. Qf3 Bd6 12. Re1 h6 13.
Bf4 Bxf4 14. Qxf4 Be6 15. Ne2 Qb8 16. b3 Qxf4 17. Nxf4 Rfe8 18. Nxe6 fxe6 19.
Bg6 Re7 20. c4 Nd7 21. Rac1 Nf8 22. Bd3 Kf7 23. cxd5 cxd5 24. b4 Nd7 25. Rc6
Nf6 26. a4 e5 27. f3 Rd8 28. Kf2 e4 29. fxe4 dxe4 30. Bc4+ Kg6 31. Ke3 Kh7 32.
Rc5 Red7 33. a5 Rd2 34. Re2 Rd1 35. a6 Nd7 36. Rc7 Ne5 37. Be6 Kg6 38. Rxa7
R1d6 39. Ba2 Nc6 40. Rb7 Rd3+ 41. Kf2 Nd4 42. Bf7+ Kf5 43. Re1 Rd2+ 44. Kg1 Kf4
45. Bc4 g6 46. a7 Kg3 47. Bf1 Nf3+ 48. gxf3 exf3 49. Rf7 {1-0 (49) Wang Hao 
(2752)-Anand, V (2772) Wijk aan Zee 2013}) 4... Nd4 $5 {Lebendiger als} (4...
Bb4 5. O-O O-O 6. d3 d6 7. Bg5 {z.B.:} Bxc3 8. bxc3 Qe7 9. Re1 Nd8 10. d4 Ne6
11. Bc1 c6 12. Bf1 Qc7 13. Nh4 Re8 14. Qd3 Bd7 15. g3 Rad8 16. Bg2 Bc8 17. f4
exf4 18. gxf4 Nf8 19. f5 h6 20. Bd2 N8h7 21. Nf3 Re7 22. h4 c5 23. Nh2 Rde8 24.
Re3 b6 25. Bf3 Bb7 26. Rae1 c4 27. Qe2 Bxe4 28. Qg2 d5 29. Bc1 Bxf3 30. Nxf3
Rxe3 31. Bxe3 Re4 32. Qh3 Rg4+ 33. Kh1 Rg3 34. Qh2 Ng4 35. Bg1 Nxh2 36. Bxh2
Qf4 37. Ng1 Qxh4 {0-1 (37) Duras,O-Rubinstein,A Karlsbad 1907}) 5. Ba4 ({Oder} 
5. Nxd4 exd4 6. e5 dxc3 7. exf6 Qxf6 8. dxc3 Bc5 $5 ({Der Remisweg ist} 8...
Qe5+ 9. Qe2 {usw.}) 9. Qe2+ Qe6 10. O-O O-O 11. Qf3 d6 12. Bg5 Qf5 13. Be7 Qxf3
14. gxf3 a6 15. Ba4 b5 16. b4 Re8 17. Rfe1 Bb6 18. Bb3 Bb7 19. Kg2 d5 20. Re5
c6 21. Rae1 Bc7 22. R5e2 Bc8 23. a4 Bd7 24. Bh4 Rxe2 25. Rxe2 Re8 26. Rxe8+
Bxe8 27. Bg3 Bd8 28. Be5 f6 29. Bb8 Bg6 30. axb5 axb5 31. Kf1 Kf7 32. Ke2 Ke6
33. Ke3 Bb6+ 34. Ke2 Bh5 35. Ba2 g5 36. Bb3 f5 37. Ba2 f4 38. Bb3 Kf5 39. Bd6
g4 40. Kf1 g3 41. fxg3 fxg3 42. Bxg3 Bxf3 43. Ba2 Be3 {0-1 (43) Short,N (2698)
-Kramnik,V (2800) London 2011}) (5. Bc4 Bc5 6. Nxe5 Qe7 7. Nf3 d5 {gibt
Schwarz aktives Spiel.}) 5... Bc5 ({Die Alternative ist} 5... Nxf3+ 6. Qxf3 c6
7. d3 d6 8. O-O Be7 9. Nd5 {z.B.:} O-O 10. Nxe7+ Qxe7 11. Bg5 h6 12. Bxf6 Qxf6
13. Qxf6 gxf6 14. f4 Bd7 15. Rf3 Rae8 16. Raf1 Kg7 17. Bb3 Be6 18. Rg3+ Kh7 19.
fxe5 fxe5 20. Rf6 Bxb3 21. axb3 Re6 22. Rgf3 Rxf6 23. Rxf6 d5 24. Rd6 dxe4 25.
dxe4 f5 26. exf5 Rxf5 27. Rd7+ Kg6 28. Rxb7 Rf4 29. c3 Rf6 30. Rxa7 Rd6 31. Kf2
Rd2+ 32. Kf3 Rxb2 33. Rc7 Kf5 34. b4 e4+ 35. Ke3 Rxg2 36. Rxc6 Rxh2 37. Rc5+
Kg4 38. Kxe4 h5 39. Rc8 Re2+ 40. Kd3 Re5 41. Rg8+ Kf3 42. Rf8+ Kg3 43. c4 h4
44. b5 h3 45. Rh8 h2 46. b6 Re8 47. Rxh2 Kxh2 48. c5 Rb8 49. Kc4 Kg3 50. Kb5 {
1-0 (50) Huebner,R (2581)-Timman,J (2578) Potsdam 2012}) 6. Nxe5 ({Ruhiger ist
} 6. d3 O-O 7. O-O d6 8. Nxd4 Bxd4 9. Ne2 Bb6 $11) 6... O-O 7. Nd3 Bb6 8. e5
Ne8 9. Nd5 c6 ({Oder} 9... d6 10. Ne3 dxe5 11. Nxe5 Qg5 12. N5c4 f5 13. f4 Qxf4
{z.B.:} 14. c3 Ne6 15. d4 Qh4+ 16. g3 Qd8 17. O-O f4 18. gxf4 Nxf4 19. Ne5 Nd6
20. Bb3+ Kh8 21. N3g4 Nh3+ 22. Kg2 Rxf1 23. Qxf1 Bxg4 24. Nxg4 Qh4 25. Qf3 Ng5
26. Qg3 Qh5 27. Bxg5 Qxg5 28. Ne5 Qxg3+ 29. hxg3 g6 30. a4 a5 31. Nc4 Nxc4 32.
Bxc4 Re8 33. Rf1 Re7 34. Rf8+ Kg7 35. Rb8 c6 36. d5 cxd5 37. Bxd5 Re2+ 38. Kh3
Rxb2 39. Rxb7+ Kf6 40. Rxh7 Bf2 41. Kg4 Ke5 42. Bf3 Rb3 43. Rc7 Ra3 44. Rc4 Kf6
45. Rc6+ Ke5 46. Bd1 Be1 47. Rxg6 Rxc3 48. Kh3 Ra3 49. Rg4 Rd3 50. Be2 Re3 51.
Bb5 Kf6 {1/2-1/2 (51) Shirov,A (2740)-Short,N (2685) Novgorod 1994}) 10. Ne3 d5
(10... d6 11. c3 Nf5 12. O-O Bc7 13. f4 Nxe3 14. dxe3 dxe5 15. Nxe5 Bf5 16. Bc2
Qxd1 17. Bxd1 Nf6 18. Ng6 {1/2-1/2 (18) Najer,E (2599)-Onischuk,A (2655)
Moscow 2002}) 11. O-O f6 12. c3 Nf5 13. b4 {Das ist ein neuer Zug von
Morozevich. Der Lc1 soll über a3 aktiviert werden. Dazu muss der Bauer
erstmal bis b5 gebracht werden.} ({Bisher kannte man} 13. Bb3 Kh8 14. Qh5 Nh6
15. Ne1 fxe5 16. Qxe5 d4 17. Nc4 Ng4 18. Qh5 g6 19. Qh3 Bc5 20. Qg3 Nef6 21.
Qh4 b5 22. Ne3 dxe3 23. dxe3 Be7 24. f4 Nh5 25. Qh3 Nhf6 26. Qf3 Bf5 27. Qxc6
a6 28. h3 Nh6 29. Qf3 Be4 30. Qf2 Bb7 31. Nf3 Ne4 32. Qe1 Nf5 33. Nd4 Bh4 34.
Qd1 Qb6 35. Bd2 Rae8 36. Qc2 Nxd2 37. Qxd2 Nxe3 38. f5 Nxf1 39. Rxf1 Rxf5 40.
Rxf5 gxf5 41. Qh6 Qxh6 {0-1 (41) Vallejo Pons,F (2686)-Leko,P (2749) Monte
Carlo 2005}) ({Und} 13. Bc2 Qe7 14. f4 Nxe3 15. dxe3 Bf5 16. a4 a5 17. b3 Qe6
18. Ba3 Rf7 19. Kh1 g6 20. Qe2 Ng7 21. exf6 Rxf6 22. Nc5 Qf7 23. e4 dxe4 24.
Nxe4 Re6 25. Qf3 Bxe4 26. Bxe4 Rae8 27. Bd3 Re3 28. Bc4 Ne6 29. Qf2 Qc7 30.
Rae1 Rxe1 31. Qxe1 Qf7 32. Qe4 Qf5 33. Qxf5 gxf5 34. Re1 Kf7 35. g4 Kf6 36. g5+
{1-0 (36) Kornev,A (2565) -Nielsen,P (2653) Warsaw 2005}) 13... Qc7 $5 {
Schwarz schielt schon nach h2.} (13... fxe5 14. Nxe5 (14. b5 Qd6) 14... Nxe3
15. fxe3 $11) ({Nach} 13... a6 {käme} 14. Bb3 Kh8 15. Bb2 {und Weiß wird
demnächst mit c4 fortsetzen.}) 14. b5 (14. exf6 Nxf6 15. b5 Nxe3 16. dxe3 Bg4
$11) 14... fxe5 15. Ba3 Rf6 16. Nb4 {Bauer c6 ist unter Beschuss.} e4 $6 {
Auch Svidler geht jetzt zum Angriff über.} ({Nach} 16... Bd7 {war} 17. bxc6
bxc6 18. Ng4 Rg6 19. Na6 {lästig.}) ({Interessant war} 16... a5 $5) 17. bxc6
Rh6 18. h3 Nh4 $2 {Die Idee ist Sf3 und Matt, aber...} ({Nach} 18... bxc6 19.
Bxc6 Rxc6 20. Nbxd5 Qb7 21. Nxf5 Bxf5 22. Ne7+ Kh8 23. Nxf5 Rd8 {hat Weiß
zwei Bauern mehr.}) 19. Nbxd5 {Der Angriff auf die Dame muss erst einmal
bedient werden.} Qe5 20. cxb7 {Und nun ist die ganze schöne schwarze Idee
geplatzt, weil auf} Nf3+ {einfach} (20... Bxb7 21. Ng4) 21. Qxf3 $1 {kommt,
denn nach} (21. gxf3 {reicht auch zum Gewinn. Nach} Bxb7 (21... Rxh3 22. f4 $18
) 22. f4 Qe6 23. Qg4 Rg6 {hat Weiß auch noch} 24. Ne7+ $18) 21... exf3 {
taucht die Dame an anderer Stelle wieder auf.} 22. bxa8=Q (22. bxa8=Q fxg2 23.
Ne7+ Kh8 24. Qxc8 $18) 1-0

[Event "EU-ch (Women) 11th"]
[Site "Rijeka"]
[Date "2010.03.11"]
[Round "6"]
[White "Arakhamia Grant, Ketevan"]
[Black "Stefanova, Antoaneta"]
[Result "0-1"]
[WhiteElo "2447"]
[BlackElo "2555"]
[Annotator "CB"]
[PlyCount "116"]
[EventDate "2010.03.06"]
[EventType "swiss"]
[EventRounds "11"]
[EventCountry "CRO"]
[SourceTitle "CBM 135 Extra"]
[Source "ChessBase"]
[SourceDate "2010.05.04"]
[SourceVersion "1"]
[SourceVersionDate "2010.05.04"]
[SourceQuality "1"]

1. e4 e5 2. Nf3 Nc6 3. Bb5 Nf6 4. d3 Bc5 5. O-O d6 6. c3 O-O 7. Nbd2 Bb6 8. Nc4
Ne7 9. Nxb6 axb6 10. h3 Ng6 11. Re1 c6 12. Bc4 b5 13. Bb3 h6 14. d4 Qe7 15. Nh2
Be6 16. Bc2 Bxa2 $5 {# Years and years of instruction and examples have
hammered into us that an isolated pawn grab on a2 (or h2) in which the bishop
cannot readily escape is a blunder of catastrophic proportions. At worst the
bishop will simply be lost, and at best, it will become a prisoner of war.
Stefanova shows that she is not intimidated by dogma.} 17. b3 Ra6 18. Be3 c5 $1
{# This is the key to accepting the risk of a boxed in bishop. The pawn goes
to c4, providing a safe place to exchange the bishop on b3, if necessary, and
providing a very nasty outpost on d3 if White isn't careful.} 19. dxc5 dxc5 20.
Nf1 c4 21. b4 Qe6 $1 {Providing maximum mobility for the queen and lending
x-ray support for b3 if the bishop on a2 should retreat to it.} 22. Qc1 Nh5 23.
Bd1 Nhf4 24. Qd2 Nd3 25. Re2 Rfa8 26. Ng3 Ngf4 27. Bxf4 Nxf4 28. Re3 g6 29. Bg4
Qb6 30. Qd7 Kf8 31. Rd1 Bb3 32. Rd2 {#} h5 $6 {It is perfectly understandable
to play this, but this move also allows White's pieces to finally join in the
fight, creating an unnecessary amount of counterplay that could have been
avoided with} (32... Ra1+ 33. Kh2 Qc6 $1 34. Bf3 Qxd7 35. Rxd7 R8a2 36. Nh1 b6
37. Rd8+ Kg7 38. Rb8 Rc1 39. Rxb6 Ba4 {and White's b- and c-pawns are doomed.})
33. Bxh5 gxh5 34. Nf5 Qf6 35. h4 Ng6 36. g3 Qc6 37. Kh2 Qxd7 38. Rxd7 Rf6 39.
Rxb7 Ba4 40. Re2 Kg8 41. Rd2 Nf8 42. Kg2 Ne6 43. Ne3 Rd8 44. Nd5 Kf8 45. f3 Rg6
46. Kf2 Ng7 47. Re2 Rgd6 48. Rd2 Ne8 49. Re2 Nf6 50. Ne3 Rd3 51. Rb6 Ng8 52.
Nd5 Ne7 53. Nf6 Rxc3 54. Nxh5 Bd1 55. Re3 Rc2+ 56. Ke1 Rh2 57. g4 Ba4 58. Kf1
Ng6 0-1

[Event "Budapest FS02 GM"]
[Site "Budapest"]
[Date "2012.02.04"]
[Round "1"]
[White "Varga, Zoltan"]
[Black "Manca, Federico"]
[Result "0-1"]
[WhiteElo "2452"]
[BlackElo "2425"]
[Annotator "CB"]
[PlyCount "42"]
[EventDate "2012.02.04"]
[EventType "tourn"]
[EventRounds "11"]
[EventCountry "HUN"]
[EventCategory "7"]
[SourceTitle "CBM 146 Extra"]
[Source "ChessBase"]
[SourceDate "2012.02.29"]
[SourceVersion "1"]
[SourceVersionDate "2012.02.29"]
[SourceQuality "1"]

{C48: Quattro Cavalli: 4 Ab5, risposte diverse da 4...Ab4} 1. e4 e5 2. Nf3 Nc6
3. Nc3 Nf6 4. Bb5 Nd4 5. Bc4 Bc5 6. Nxe5 d5 7. exd5 (7. Bxd5 Nxd5 8. Nxd5 O-O
9. c3 Re8 10. cxd4 Bxd4 11. O-O Rxe5 12. d3 c6 13. Nf4 b6 14. Qc2 Rc5 15. Qe2
Ba6 16. Be3 Qd6 17. Rac1 Rxc1 18. Rxc1 Be5 {1/2-1/2 Shirov,A (2710)-Kramnik,V 
(2790)/Cazorla 1998/CBM 065/[Tsesarsky]}) 7... O-O 8. Nf3 $2 (8. O-O Re8 9. Re1
Qd6 10. Nd3 Bg4 11. Rxe8+ Rxe8 12. Qf1 Nxc2 $17) 8... Re8+ 9. Be2 Ng4 $146 (
9... Nxf3+ 10. gxf3 Bh3 11. d4 Bb4 12. Qd3 Qxd5 13. a3 Bxc3+ 14. Qxc3 Bg2 15.
Rg1 Bxf3 16. Be3 Bxe2 17. Kxe2 Ne4 18. Qd3 Qh5+ 19. Ke1 Rad8 20. c3 c5 21. Qb5
Qxh2 22. Rf1 cxd4 23. cxd4 Nxf2 24. Qe2 {Rantanen,S-Lundin,J (2220)/Dos
Hermanas 2003/EXT 2004/0-1 (54)}) 10. O-O Nxf3+ (10... Qd6 $1 11. g3 Rxe2 12.
Nxd4 Rxf2 $1) (10... Rxe2 $5 11. Nxe2 (11. Nxd4 Rxf2 $1) 11... Nxf3+ 12. gxf3
Qh4 13. fxg4 Bxg4 14. d4 Bf3 15. Ng3 Bxd1 16. Rxd1) 11. gxf3 Nxh2 $1 (11...
Nxf2 $1 12. Rxf2 Qg5+ 13. Kh1 Bxf2) 12. d4 Bd6 13. Ne4 Qh4 $1 14. Nxd6 cxd6 15.
Re1 Bf5 16. a4 Re7 (16... Bxc2 $1 17. Qd2 Ng4 $1 18. fxg4 Be4 19. f3 Bxf3 20.
Bxf3 Rxe1+ 21. Kg2 Rh1 22. Qf4 Qh3+ 23. Kf2 Qf1+ 24. Ke3 Re8+ 25. Kd2 Rh3 $19)
17. Ra3 Rae8 18. Re3 $2 (18. a5 Nf1 $1 19. Rxf1 Rxe2 20. Be3 R8xe3 21. Rxe3 Bh3
$1) (18. Qd2 Bg4 19. Qf4 (19. fxg4 Nxg4 20. Qf4 Rxe2 21. Rxe2 Rxe2 22. Bd2 Rxf2
$19) 19... Rxe2 20. Rxe2 Rxe2 21. Qxh2 Re1+ 22. Kg2 Bh3+ 23. Qxh3 Rg1+ 24. Kxg1
Qxh3 $19) 18... Rxe3 19. Bxe3 Rxe3 $1 20. fxe3 Qg3+ 21. Kh1 Ng4 $1 (21... Ng4
$19) 0-1

[Event "Olympiad-31"]
[Site "Moscow"]
[Date "1994.12.02"]
[Round "2.1"]
[White "Short, Nigel D"]
[Black "Tkachiev, Vladislav"]
[Result "1/2-1/2"]
[WhiteElo "2655"]
[BlackElo "2540"]
[Annotator "Chekhov,V"]
[PlyCount "73"]
[EventDate "1994.12.01"]
[EventType "team-swiss"]
[EventRounds "14"]
[EventCountry "RUS"]
[SourceTitle "CBM 045"]
[Source "ChessBase"]
[SourceDate "1995.04.01"]
[SourceVersion "1"]
[SourceVersionDate "1995.04.01"]
[SourceQuality "1"]
[WhiteTeam "England"]
[BlackTeam "Kazakhstan"]
[WhiteTeamCountry "ENG"]
[BlackTeamCountry "KAZ"]

1. e4 e5 2. Nf3 Nc6 3. Nc3 Nf6 4. Bb5 Nd4 5. Ba4 c6 6. d3 (6. O-O) (6. Nxe5 d6
$5 7. Nf3 Bg4 8. d3 d5 9. O-O dxe4 10. dxe4 Bxf3 11. gxf3 b5 12. Bb3 Bc5 13. e5
Nd7 $15 {Nunn,J-Cristiansen,L/Vejle/1994/}) (6. O-O Qa5 $5) 6... b5 (6... Bb4
7. Bd2 Qa5 8. Bb3 Nxb3 9. axb3 Qc7 10. O-O Be7 11. Be3 $14 {Yudasin,L-Nikolic,
P/Tilburg/1993/1:0/45/}) 7. Bb3 Nxb3 8. axb3 d6 9. h3 $5 (9. O-O Be7 10. Ne2
Bg4 11. Re1 (11. Ng3 Nh5 $10) 11... Bxf3 12. gxf3 Qd7 13. d4 Qh3 14. Qd3 O-O
$132 {Nunn,J-Piket,J/Wijk aan Zee/1993/}) 9... Be7 10. O-O O-O 11. Ne2 Re8 (
11... a5 $5) 12. Ng3 a5 13. d4 (13. Nh2 {/\f4}) 13... Qc7 14. Re1 c5 15. c3 Bd8
(15... h6 $5 {/\Nh7-g5/}) 16. Bg5 Be6 (16... h6 $5) 17. d5 Bd7 18. Nd2 h6 19.
Be3 Nh7 20. Rf1 $6 (20. Qe2 $5 {/\Ra2,Rea1/}) 20... Bg5 21. Qe2 a4 22. bxa4
bxa4 23. Ra2 Rab8 (23... Bb5 24. c4 Bd7 $13) 24. Nf5 $1 Bxf5 (24... Rb7 25. Nc4
Bb5 26. Nfxd6) 25. exf5 Nf6 $1 26. Bxg5 hxg5 27. Ne4 Nxd5 28. Nxg5 (28. Rd1 Nf6
29. Nxd6 Red8) 28... Qd7 29. Ne4 (29. Qf3 Nf6 {/\d5,e4/}) 29... Qxf5 30. Nxd6
Nf4 (30... Qe6 31. Nxe8 Nf4 32. Qg4) 31. Nxf5 (31. Qf3 Qe6 32. Nxe8 Qxa2) 31...
Nxe2+ 32. Kh2 a3 $1 $10 33. bxa3 Nxc3 34. Rc2 Rb3 35. Rfc1 Na4 36. Nd6 Rd8 37.
Ne4 1/2-1/2

[Event "Leningrad tt"]
[Site "Leningrad"]
[Date "1986.??.??"]
[Round "?"]
[White "Shabanov, Yuri"]
[Black "Tseitlin, Mark D"]
[Result "1/2-1/2"]
[WhiteElo "2405"]
[BlackElo "2445"]
[Annotator "ChessBase"]
[PlyCount "54"]
[EventDate "1986.??.??"]
[EventType "team"]
[EventRounds "9"]
[EventCountry "URS"]
[SourceTitle "EXT 2000"]
[Source "ChessBase"]
[SourceDate "1999.11.16"]
[SourceVersion "1"]
[SourceVersionDate "1999.11.16"]
[SourceQuality "1"]

1. e4 e5 2. Nf3 Nc6 3. Nc3 Nf6 4. Bb5 Nd4 5. Nxd4 exd4 6. e5 (6. Nd5 Nxd5 7.
exd5 Qf6 8. O-O Be7 9. f4 O-O 10. Qf3 c5 $15 {Wolf-Alekhine,Karlovy Vary 1923})
6... dxc3 7. exf6 Qxf6 (7... cxd2+ $6 8. Bxd2 Qxf6 9. O-O Be7 10. Bc3 Qg5 (
10... Qb6 11. Re1 $1 $16 {->}) 11. Re1 (11. Qd3 {--> Levitina-Savchenko}) 11...
O-O {--> Posch-Derr} (11... Qxb5 {--> Shipman-Weber} 12. Qg4 $1 $16) 12. Re5 $1
) 8. dxc3 Qe5+ (8... Bc5 {--> Van de Oudeweetering-Van de Nederland} 9. O-O O-O
10. Bd2 $10 (10. Qh5 d6 11. Bd3 h6 12. Be3 $10)) (8... c6 {-->
Imanaliev-Thipsay}) 9. Be2 (9. Qe2 Qxe2+ 10. Bxe2 $10) 9... Bc5 10. O-O O-O 11.
Bd3 (11. Bf3 {--> Witmann-Eisterer}) 11... d6 12. Qf3 Be6 13. Qxb7 (13. c4 {
--> Odeev-Frolov}) 13... Bd5 14. Qa6 f5 15. Bc4 f4 16. Bxd5+ Qxd5 17. Qd3 Qh5
18. Qc4+ Kh8 19. Bxf4 Qg4 20. g3 Rf5 21. Rae1 Raf8 22. Qe4 h5 23. Qg2 h4 24.
Kh1 h3 25. Qc6 g5 26. Be5+ Rxe5 27. Rxe5 dxe5 1/2-1/2

[Event "Nikolaev zt"]
[Site "Nikolaev"]
[Date "1995.??.??"]
[Round "11"]
[White "Bologan, Viktor"]
[Black "Malaniuk, Vladimir P"]
[Result "0-1"]
[WhiteElo "2540"]
[BlackElo "2615"]
[Annotator "Dolmatov,S"]
[PlyCount "80"]
[EventDate "1995.03.??"]
[EventType "swiss"]
[EventRounds "11"]
[EventCountry "UKR"]
[SourceTitle "CBM 047"]
[Source "ChessBase"]
[SourceDate "1995.08.01"]
[SourceVersion "1"]
[SourceVersionDate "1995.08.01"]
[SourceQuality "1"]

1. e4 {Hecht} e5 2. Nf3 Nc6 3. Nc3 Nf6 4. Bb5 Nd4 5. Ba4 c6 6. Nxe5 (6. O-O b5
7. Bb3 a5 8. Nxe5 Qe7 9. Nd3 a4) 6... d6 (6... d5 7. O-O Bd6) 7. Nf3 (7. Nd3 $5
) 7... Bg4 8. d3 $6 (8. h3 $5 Nxf3+ (8... Bxf3 9. gxf3 d5 10. d3) 9. gxf3 Bh5
10. d4) 8... d5 9. Be3 Nxf3+ $1 (9... dxe4 $2 10. Nxe4 Nxe4 (10... Nxf3+ 11.
gxf3 Nxe4 12. fxg4) 11. Bxd4) 10. gxf3 Bh5 11. exd5 (11. Bd2 d4 12. Nb1 Bd6 $44
) 11... Nxd5 12. Ne4 $2 (12. Bb3 Nxc3 13. bxc3 Qf6 $15) (12. Nxd5 $32 Qxd5 13.
Bb3 Qxf3 14. Qxf3 Bxf3 15. Rg1 $10) 12... f5 $1 (12... Bxf3 $2 13. Bxc6+ bxc6
14. Qxf3 $16) (12... Nxe3 13. fxe3 Qh4+ 14. Ke2 f5 15. Nc3) 13. Ng3 (13. Nd2
Nxe3 14. fxe3 Qh4+ $17) 13... f4 14. Nxh5 fxe3 $17 15. O-O (15. c3 exf2+ 16.
Kxf2 Qb6+ $17) 15... Qh4 16. f4 $8 O-O-O 17. Qf3 (17. Kh1 exf2) 17... exf2+ 18.
Kh1 (18. Qxf2 Qxh5) (18. Rxf2 Bc5 $17) 18... Bc5 19. Bb3 (19. c3 Rhf8 20. d4
Nxf4 21. Nxf4 Rxf4 22. Qg3 Be7 $17) 19... g5 20. Bxd5 Rxd5 $17 21. Nf6 Rf5 22.
Ne4 Rxf4 23. Qg3 Bb6 24. c3 Rhf8 25. Nxg5 Rg8 $19 26. Qxh4 Rxh4 27. Ne4 Rf4 28.
Rad1 (28. Ng3 h5 29. Nxh5 Rh4 30. Nf6 Rgh8 31. Kg2 Rxh2+ 32. Kg3 R8h3+ 33. Kf4
Rxd3 $19) 28... Rg1+ 29. Rxg1 fxg1=Q+ 30. Rxg1 Bxg1 31. Kxg1 {NP<->R. Offene
Stellung mit wBauernschwächen. Aktiver R gewinnt einfach.} Rf3 32. Nc5 (32. Nf2
{Hecht} Re3 33. Kf1 c5 $19) 32... b6 33. Kg2 Rf5 (33... Re3 34. Kf2 Rh3 35. Kg2
) 34. Ne4 Kd7 35. Nd2 Rb5 36. Nc4 Ke6 37. b3 Rd5 38. d4 c5 39. Ne3 cxd4 40.
Nxd5 Kxd5 (40... Kxd5 41. cxd4 (41. c4+ Ke4 42. b4 (42. Kf2 Kd3 $19) 42... d3
43. Kf2 Kd4 $19) 41... Kxd4 42. Kf3 Kc3 43. Kf4 Kb2 44. Kg5 Kxa2 45. Kh6 Kxb3
46. Kxh7 a5 $19) 0-1